| 000 | 05877cam a22019694i 4500 | ||
|---|---|---|---|
| 003 | PE-LiUPU | ||
| 005 | 20250813165736.0 | ||
| 008 | 150706s2006 sp a r 001 0 spa d | ||
| 020 | _a8420010634 | ||
| 020 | _a9788420010632 | ||
| 035 | _a(Sirsi) i9788420010632 | ||
| 040 |
_aPE-LiUPU _bspa _cPE-LiUPU _dPE-LiUPU _erda |
||
| 049 | _aPRUA | ||
| 082 | 0 | 4 |
_a612.39 _bN _221 |
| 245 | 0 | 0 |
_aNutrición y metabolismo / _ceditores, Michael J. Gibney, Ian A. MacDonald y Helen M. Roche. |
| 264 | 1 |
_aZaragoza : _bAcribia, _c2006. |
|
| 300 |
_a443 páginas : _bilustraciones ; _c27 centímetros. |
||
| 336 |
_atext _2rdacontent |
||
| 337 |
_aunmediated _2rdamedia |
||
| 338 |
_avolume _2rdacarrier |
||
| 490 | 0 | _aSerie de manuales de nutrición humana | |
| 504 | _aÍndices: páginas 429-443. | ||
| 505 | 0 | _aConceptos nutritivos fundamentales -- Aspectos moleculares de la nutrición -- Integración del metabolismo 1: Energía -- Integración del metabolismo2 -- Proteínas y aminoácidos -- Integración del metabolismo 3: Macro nutrientes -- Gestación y lactancia -- Crecimiento y envejecimiento -- Nutrición y el cerebro -- Los sistemas sensoriales: gusto, olfato -- quimioestesis y vista Aparato gastrointestinal -- El sistema cardiovascular -- El sistema esquelético -- Los sistemas inmune e inflamatorio -- Fotoquímicas -- Control de la ingesta de alimentos -- sobrealimentación -- Desnutrición -- Rendimiento deportivo. | |
| 526 | _aP203 | ||
| 526 | _aP200 | ||
| 526 | _aSEG65 | ||
| 526 | _aSEG64 | ||
| 526 | _aSEG63 | ||
| 526 | _aSEG62 | ||
| 526 | _aSEG61 | ||
| 526 | _aSEG60 | ||
| 526 | _aSEG59 | ||
| 526 | _aSEG58 | ||
| 526 | _aSEG57 | ||
| 526 | _aSEG56 | ||
| 526 | _aSEG55 | ||
| 526 | _aSEG54 | ||
| 526 | _aSEG53 | ||
| 526 | _aSEG52 | ||
| 526 | _aSEG51 | ||
| 526 | _aSEG50 | ||
| 526 | _aSEG49 | ||
| 526 | _aSEG48 | ||
| 526 | _aSEG47 | ||
| 526 | _aSEG46 | ||
| 526 | _aSEG24 | ||
| 526 | _aSEG23 | ||
| 526 | _aSEG22 | ||
| 526 | _aSEG21 | ||
| 526 | _aSEG20 | ||
| 526 | _aSEG19 | ||
| 526 | _aSEG18 | ||
| 526 | _aSEG17 | ||
| 526 | _aSEG16 | ||
| 526 | _aSEG14 | ||
| 526 | _aSEG13 | ||
| 526 | _aSEG12 | ||
| 526 | _aSEG11 | ||
| 526 | _aSEG10 | ||
| 526 | _aSEG09 | ||
| 526 | _aSEG06 | ||
| 526 | _aSEG05 | ||
| 526 | _aSEG04 | ||
| 526 | _aSEG03 | ||
| 526 | _aSEG02 | ||
| 526 | _aSEG68 | ||
| 526 | _aSEG66 | ||
| 526 | _aSEG45 | ||
| 526 | _aSEG25 | ||
| 526 | _aSEG01 | ||
| 526 | _aP163 | ||
| 526 | _aP162 | ||
| 526 | _aP161 | ||
| 526 | _aP160 | ||
| 526 | _aP159 | ||
| 526 | _aP158 | ||
| 526 | _aP157 | ||
| 526 | _aP156 | ||
| 526 | _aP155 | ||
| 526 | _aP154 | ||
| 526 | _aP153 | ||
| 526 | _aP152 | ||
| 526 | _aP151 | ||
| 526 | _aP150 | ||
| 526 | _aP149 | ||
| 526 | _aP142 | ||
| 526 | _aP141 | ||
| 526 | _aP140 | ||
| 526 | _aP139 | ||
| 526 | _aP138 | ||
| 526 | _aP137 | ||
| 526 | _aP132 | ||
| 526 | _aP131 | ||
| 526 | _aP130 | ||
| 526 | _aP126 | ||
| 526 | _aP125 | ||
| 526 | _aP124 | ||
| 526 | _aP123 | ||
| 526 | _aP115 | ||
| 526 | _aP122 | ||
| 526 | _aP121 | ||
| 526 | _aP116 | ||
| 526 | _a P114 | ||
| 526 | _aP112 | ||
| 526 | _aP111 | ||
| 526 | _aP104 | ||
| 526 | _aP103 | ||
| 526 | _aP102 | ||
| 526 | _aP101 | ||
| 526 | _aP100 | ||
| 526 | _aP96 | ||
| 526 | _aP95 | ||
| 526 | _aP93 | ||
| 526 | _aP92 | ||
| 526 | _aP91 | ||
| 526 | _aP88 | ||
| 526 | _aP83 | ||
| 526 | _aP82 | ||
| 526 | _aP79 | ||
| 526 | _aP78 | ||
| 526 | _aP75 | ||
| 526 | _aP74 | ||
| 526 | _aP71 | ||
| 526 | _aP69 | ||
| 526 | _a P51 | ||
| 526 | _aP49 | ||
| 526 | _aP48 | ||
| 526 | _aP47 | ||
| 526 | _aP33 | ||
| 526 | _aP31 | ||
| 526 | _a P30 | ||
| 526 | _aP29 | ||
| 526 | _aP27 | ||
| 526 | _aP26 | ||
| 526 | _aP25 | ||
| 526 | _aP24 | ||
| 526 | _a P22 | ||
| 526 | _aP10 | ||
| 526 | _aP09 | ||
| 526 | _a P08 | ||
| 526 | _aP06 | ||
| 526 | _aP05 | ||
| 526 | _aP04 | ||
| 526 | _aP01 | ||
| 526 | 8 |
_iPrograma Académico : _5PE-LiUPU |
|
| 541 | _g015-0010422; | ||
| 541 | _g0001-0042196; | ||
| 650 | 0 | 4 |
_aMetabolismo. _9393 |
| 650 | 0 | 4 | _aMetabolism. |
| 650 | 0 | 4 |
_aNutrición. _9394 |
| 650 | 0 | 4 | _aNutrition. |
| 700 | 1 |
_aGibney, Michael J., _eeditor. |
|
| 700 | 1 |
_aMacdonald, Ian A., _eeditor. |
|
| 700 | 1 |
_aRoche, Helen M., _eeditor. |
|
| 910 |
_cng _d20090602 |
||
| 910 |
_adbm _bksl _cjksl _d20171023 |
||
| 942 |
_2ddc _cBOOK |
||
| 949 |
_a612.39 N _wDEWEY _c1 _i59747 _d2016-6-30 _e2016-6-26 _lCCODEBUL1 _mBUL _n1 _p91.00 _r0 _sY _tBOOK _u2015-7-6 _xSALUD _PP22 _0COMPRA _o.STAFF. Colección Ciencias de la Salud |
||
| 949 |
_a612.39 N _wDEWEY _c2 _i70246 _d2016-8-21 _e2016-8-17 _lCCODEBUL1 _mBUL _n1 _p85.00 _r0 _sY _tBOOK _u2015-7-24 _xSALUD _PP31 _0COMPRA _o.STAFF. Colección Ciencias de la Salud |
||
| 949 |
_a612.39 N _wDEWEY _c3 _i70247 _lCCODEBUL1 _mBUL _p85.00 _r0 _sY _tBOOK _u2015-7-24 _xSALUD _PP31 _0COMPRA _o.STAFF. Colección Ciencias de la Salud |
||
| 994 |
_aC0 _bPEPRU |
||
| 596 | _a1 | ||
| 999 |
_a612.39 N _wDEWEY _c49282 _i59747 _d49282 _e2019-8-26 _f2021-11-3 _g5 _lCCODEBUL1 _mBUL _n3 _p91.00 _q6 _r0 _sY _tBOOK _u2015-7-6 _xSALUD _zP22 _0COMPRA _o.STAFF. Colección Ciencias de la Salud |
||
| 999 |
_a612.39 N _wDEWEY _c2 _i70246 _d2019-10-18 _e2019-8-25 _f2021-11-3 _g5 _lCCODEBUL1 _mBUL _n4 _p85.00 _q6 _r0 _sY _tBOOK _u2015-7-24 _xSALUD _zP31 _0COMPRA _o.STAFF. Colección Ciencias de la Salud |
||
| 999 |
_a612.39 N _wDEWEY _c3 _i70247 _d2022-4-11 _e2022-4-8 _f2021-11-3 _g5 _lCCODEBUL1 _mBUL _n16 _p85.00 _q5 _r0 _sY _tBOOK _u2015-7-24 _xSALUD _zP31 _0COMPRA _o.STAFF. Colección Ciencias de la Salud |
||
| 999 |
_a612.39 N _wDEWEY _c4 _i76866 _d2019-9-19 _e2019-9-8 _f2021-11-3 _g4 _lCCODEBUL1 _mBUL _n9 _p80.12 _q9 _r0 _sY _tBOOK _u2017-10-23 _xSALUD _PP31 _0COMPRA |
||
| 980 |
_81 _gALBERTO SANCHEZ Responsable de Automatización |
||